000 00260nam a22001097a 4500
008 170110b xxu||||| |||| 00| 0 eng d
020 _a9780781732796
041 _aeng
080 _a618.2
245 _aPATIENT-CENTERED INTERVIEWING
_cSMITH, R.C
942 _2udc
_cBK
999 _c2656
_d2656